Plant phenolics
Αποθηκεύτηκε σε:
| Άλλοι συγγραφείς: | |
|---|---|
| Μορφή: | Βιβλίο |
| Γλώσσα: | English |
| Δημοσίευση: |
London :
Academic Press,
c1989
|
| Σειρά: | Methods in plant biochemistry
|
| Θέματα: | |
| Ετικέτες: |
Προσθήκη ετικέτας
Δεν υπάρχουν, Καταχωρήστε ετικέτα πρώτοι!
|
MARC
| LEADER | 00000nam a2200000 i 4500 | ||
|---|---|---|---|
| 001 | 1/7327 | ||
| 008 | 960802s1989 eng d | ||
| 020 | |a 0-12-461011-0 | ||
| 035 | |l 10016665 | ||
| 040 | |a GR-MY-UA |b gre |e aacr | ||
| 041 | 0 | |a eng | |
| 082 | 0 | |a 581 | |
| 245 | 1 | 0 | |a Plant phenolics / |c Edited by J.B. Harborne |
| 260 | |a London : |b Academic Press, |c c1989 | ||
| 300 | |a 552 p. |b tables; fig. | ||
| 490 | 1 | |a Methods in plant biochemistry | |
| 504 | |a Includes bibliographical references and index | ||
| 650 | 0 | 0 | |a Botanical chemistry. |
| 700 | 1 | |a Harborne, J. B. (Jeffrey B.) |4 edt | |
| 774 | 1 | |t Methods in plant biochemistry | |
| 830 | 0 | |a Methods in plant biochemistry | |
| 852 | |a INST |b LESVOS |e 19960802 |h 581 MET |p 005100005585 |q 005100005585 |t BK |y 0 | ||
| 909 | |a Λ |b 019096 | ||